Kehidupan burung

Bibliographic Details
Format: Book
Published: London : Sackett & Marshall Ltd , 1994
Series:Siri ensiklopedia tanya jawab
Subjects:

MARC

LEADER 00000cam a2200000 7i4500
001 0000007587
002 000008150
005 20000330.0
020 |a 9836201041 
090 0 0 |a 030   |b ENS 
245 0 0 |a Kehidupan burung 
260 |a London :   |b Sackett & Marshall Ltd ,   |c 1994 
300 |a p.v. :   |b ill. ;   |c 27cm. 
490 0 |a Siri ensiklopedia tanya jawab 
650 0 0 |a Science   |x Juvenile literature 
999 |a 0004021   |b BUKU   |c PINJAMAN   |e PERPUSTAKAAN KOMUNITI PETALING JAYA 
999 |a 052741   |b BUKU   |c PINJAMAN   |e PERPUSTAKAAN KOMUNITI PETALING JAYA 
999 |a 052742   |b BUKU   |c PINJAMAN   |e PERPUSTAKAAN KOMUNITI PETALING JAYA 
999 |a 052743   |b BUKU   |c PINJAMAN   |e PERPUSTAKAAN KOMUNITI PETALING JAYA 
999 |a 054815   |b BUKU   |c JUNIOR BOOKS   |e PERPUSTAKAAN KOMUNITI CAW KOTA DAMANSARA 
999 |a 054816   |b BUKU   |c JUNIOR BOOKS   |e PERPUSTAKAAN KOMUNITI CAW KOTA DAMANSARA